009220000a22002170004500090001400000245014600014650002400160650002100184650002900205650003000234650002800264651001800292653004900310041001300359700004100372100002700413942001300440773007600453999001700529952015800546 aARb0207010aIthomiinae of Brazil (). II. a new genus and species of Ithomiinae with comments on the tribe dircennini d' Almeida14aEntomología9448314aMariposas99302514aDesarrollo animal99482014aMorfología animal9995314aNuevos géneros995497 4pBrasil992749 fIthomiinaegCeratiscadaeCeratiscada canaria0 aInglés1 aFerreira D' Almeida, Romualdo9955411 aBrown, Keith S.914369 cARTICULO1 tTransactions of the American Entomological Society3693q1-18d1970g96 c11147d11147 001040718HEMEROTECAaBogotabBogotad2015-02-27hFuera de circulaciónl0oAR 02070p012445r2015-03-25 00:00:00t1w2015-03-25xDonaciónyARTICULO